000 00818nam a22002417a 4500
999 _c12688
_d12688
003 AR-CdUCM
008 190409b ||||| |||| 00| 0 spa d
020 _a987-503-184-4
040 _aMUNICIPALIDAD PROVINCIAL DEL CUSCO
_cBIBLIOTECA MUNICIPAL DEL CUSCO
082 _a270 /
_bM56
100 _aMignone, Emilio F.
_930678
245 _aIglesia y dictadura /
260 _aArgentina :
_bUniversidad Nacional de Quilmes,
300 _a221 paginas ;
_c19 cm.
440 _aColeccion Documentos
_930679
505 _aContenido : El vicariato castrense -- Monseñor Tórtolo -- Monseñor Medina -- La doctrina -- El episcopado católico...
650 _aIglesia
_91428
650 _aObispo
_930372
650 _aVicariato
_930680
650 _aMonseñor
_930681
942 _2ddc
_cLIBROS
945 _awnts
_d2019-04-09